Rozpoznaj polskie znaki ostrzegawcze - Statystyki

Ogólne statystyki
  • Ten quiz został rozwiązany 24 razy
  • Średni wynik to 8 z 43
Statystyki odpowiedzi
Obrazkowy Odpowiedź % Poprawnych
niebezpieczny zakręt w lewo
89%
niebezpieczny zakręt w prawo
89%
skrzyżowanie dróg
67%
próg zwalniający
44%
ustąp pierwszeństwa
44%
dzieci
33%
lotnisko
33%
niebezpieczne zakręty pierwszy w lewo
33%
niebezpieczne zakręty pierwszy w prawo
33%
przejście dla pieszych
33%
rowerzyści
33%
boczny wiatr
22%
inne niebezpieczeństwo
22%
ruchomy most
22%
skrzyżowanie o ruchu okrężnym
22%
tramwaj
22%
zator drogowy
22%
zwierzęta dzikie
22%
zwierzęta gospodarskie
22%
nierówna droga
11%
przejazd kolejowy bez zapór
11%
przejazd kolejowy z zaporami
11%
skrzyżowanie z drogą podporządkowaną występującą po obu stronach
11%
spadające odłamki skalne
11%
nabrzeże lub brzeg rzeki
0%
niebezpieczne pobocze
0%
niebezpieczne pobocze po lewej stronie
0%
niebezpieczny zjazd
0%
odcinek jezdni o ruchu dwukierunkowym
0%
oszronienie jezdni
0%
roboty na drodze
0%
skrzyżowanie z drogą podporządkowaną występującą po lewej stronie
0%
skrzyżowanie z drogą podporządkowaną występującą po prawej stronie
0%
śliska jezdnia
0%
stromy podjazd
0%
sygnały świetlne
0%
sypki żwir
0%
wlot drogi jednokierunkowej z lewej strony
0%
wlot drogi jednokierunkowej z prawej strony
0%
wypadek drogowy
0%
zwężenie jezdni dwustronne
0%
zwężenie jezdni lewostronne
0%
zwężenie jezdni prawostronne
0%
Nie znaleziono quizów pasujących do podanych kryteriów
Rozkład punktacji
Procent ludzi z każdym wynikiem
Percentyl według liczby udzielonych odpowiedzi
Twoja historia wyników
Nie rozwiązałeś tego quizu